NBA Stats by Team - Extreme - Statistics

General Stats
  • This quiz has been taken 152 times
  • The average score is 149 of 240
Answer Stats
Team Category Player % Correct
Bucks Dunks | Field Goal% | Points Per Game | +2 others G. Antetokounmpo
94%
Lakers Steals Per Game LeBonBon/A. Davis
94%
Hawks Steals Per Game D. Murray/T. Young
92%
Lakers Assists Per Game | Points Per Game LeBron James
92%
Lakers Blocks Per Game | Dunks | Rebounds Per Game Anthony Davis
90%
Celtics Points Per Game | Rebounds Per Game Jayson Tatum
90%
Warriors Blocks Per Game | Field Goal% Trayce Jackson-Davis
90%
Cavaliers Points Per Game | Steals Per Game Donovan Mitchell
89%
Clippers Assists Per Game James Harden
89%
Hawks Assists Per Game | Points Per Game Trae Young
89%
Grizzlies Blocks Per Game | Steals Per Game Jaren Jackson Jr.
88%
Clippers Points Per Game Kawhi Leonard
88%
Mavericks Assists Per Game | Points Per Game | Rebounds Per Game | Steals Per Game Luka Doncic
88%
Bulls Assists Per Game C.White/DeRozan
87%
Bulls Points Per Game DeMar DeRozan
87%
Celtics Steals Per Game Jaylen Brown
87%
Heats Assists Per Game | Points Per Game | Steals Per Game Jimmy Butler
87%
76ers Assists Per Game | Points Per Game Tyrese Maxey
87%
Celtics Assists Per Game Derrick White
86%
Clippers Steals Per Game Kawhi/P. George
86%
Nuggets Steals Per Game N. Jokic/K.C. Pope
86%
Bucks Assists Per Game Damian Lillard
85%
Warriors Rebounds Per Game Draymond Green
85%
Nuggets Assists Per Game | Field Goal% | Points Per Game | Rebounds Per Game Nikola Jokic
85%
Kings Assists Per Game | Dunks | Rebounds Per Game Domantas Sabonis
84%
Knicks Assists Per Game | Points Per Game Jalen Brunson
84%
Pistons Dunks | Rebounds Per Game Jalen Duren
84%
Kings Blocks Per Game K. Murray/Alex Len
84%
Nuggets 3PT% Jamal Murray
83%
Warriors 3PT% | Points Per Game Stephen Curry
83%
Spurs Blocks Per Game | Dunks | Points Per Game | +2 others Victor Wembanyama
83%
Heats Blocks Per Game | Dunks | Field Goal% | Rebounds Per Game Bam Adebayo
82%
Bucks Blocks Per Game Brook Lopez
82%
Kings Points Per Game | Steals Per Game De'Aaron Fox
82%
Suns Assists Per Game | Points Per Game Devin Booker
82%
Suns 3PT% Grayson Allen
82%
Cavaliers Dunks | Field Goal% | Rebounds Per Game Jarrett Allen
82%
Magic Assists Per Game | Dunks | Points Per Game Paolo Banchero
82%
Pacers Assists Per Game | Points Per Game | Steals Per Game Tyrese Haliburton
82%
Pelicans Dunks | Points Per Game Zion Williamson
82%
TWolves Points Per Game | Steals Per Game Anthony Edwards
81%
Grizzlies Dunks GG Jackson II
81%
Pacers Field Goal% Isaiah Jackson
81%
Suns Blocks Per Game | Dunks Kevin Durant
81%
Celtics Blocks Per Game | Dunks Kristaps Porzingis
80%
Hornets Assists Per Game M. Bridges/I. Smith
80%
Thunders Assists Per Game | Points Per Game | Steals Per Game S. Gilgeous-Alexander
80%
Wizards Steals Per Game Tyus Jones/J. Poole
80%
Cavaliers Assists Per Game Darius Garland
76%
Jazz Points Per Game Lauri Markkanen
76%
Rockets 3PT% Aaron Holiday
75%
Pistons Assists Per Game | Points Per Game Cade Cunningham
75%
Suns Steals Per Game Jusuf Nurkic/Br. Beal
75%
TWolves Blocks Per Game | Dunks | Field Goal% | Rebounds Per Game Rudy Gobert
75%
Raptors Assists Per Game S. Barnes/D. Schroder
73%
Clippers Blocks Per Game | Dunks | Field Goal% | Rebounds Per Game Ivica Zubac
72%
Hornets Points Per Game | Steals Per Game Miles Bridges
72%
Pelicans Blocks Per Game H.Jones/Jonas Va.
71%
Pelicans Steals Per Game D. Daniels/H. Jones
70%
Cavaliers Blocks Per Game Evan Mobley
70%
Raptors Blocks Per Game S.Barnes/J. Poeltl
70%
Raptors Dunks | Points Per Game | Steals Per Game Scottie Barnes
70%
Grizzlies 3PT% | Assists Per Game | Field Goal% | Points Per Game Desmond Bane
69%
Rockets Dunks Amen Thompson
68%
Pistons Blocks Per Game | Steals Per Game Ausar Thompson
68%
Hawks Blocks Per Game | Dunks | Rebounds Per Game Clint Capela
68%
Pacers Blocks Per Game | Rebounds Per Game Myles Turner
68%
Bulls Rebounds Per Game Nikola Vucevic
68%
Nuggets Dunks Aaron Gordon
66%
Pelicans Assists Per Game Brandon Ingram
66%
Rockets Assists Per Game | Blocks Per Game | Steals Per Game Fred VanVleet
66%
Rockets Field Goal% | Points Per Game | Rebounds Per Game Alperen Sengun
65%
Spurs Assists Per Game | Field Goal% Tre Jones
65%
Wizards 3PT% | Assists Per Game Tyus Jones
65%
Thunders Blocks Per Game | Dunks | Rebounds Per Game Chet Holmgren
64%
TWolves Assists Per Game Mike Conley
64%
Warriors Assists Per Game | Steals Per Game Chris Paul
62%
Knicks Rebounds Per Game Julius Randle
61%
Trail Blazers Assists Per Game | Points Per Game Anfernee Simons
59%
Nets Points Per Game Cam Thomas
59%
Trail Blazers Dunks | Field Goal% | Rebounds Per Game Deandre Ayton
56%
Suns Rebounds Per Game Jusuf Nurkic
56%
Trail Blazers Blocks Per Game M. Thybulle/D. Ayton
56%
Nets Blocks Per Game | Dunks | Field Goal% | Rebounds Per Game Nic Claxton
56%
Pelicans Rebounds Per Game Jonas Valanciunas
55%
Nets Steals Per Game Dennis Smith Jr.
53%
Hornets 3PT% Ish Smith
53%
Pacers 3PT% Jalen Smith
53%
Knicks Dunks Isaiah Hartenstein
52%
Mavericks Blocks Per Game | Field Goal% Dereck Lively II
51%
Mavericks Dunks Derrick Lively II
51%
76ers Rebounds Per Game Tobias Harris
51%
Wizards Points Per Game Kyle Kuzma
49%
Jazz Blocks Per Game | Dunks | Field Goal% Walker Kessler
49%
Magic Steals Per Game Jalen Suggs
47%
Thunders 3PT% | Field Goal% Aaron Wiggins
46%
Raptors Field Goal% | Rebounds Per Game Jakob Poeltl
46%
Magic Rebounds Per Game Wendell Carter Jr.
46%
Bulls 3PT% | Blocks Per Game | Steals Per Game Alex Caruso
45%
Wizards Blocks Per Game | Dunks | Field Goal% | Rebounds Per Game Daniel Gafford
42%
Mavericks 3PT% D. Exum/D. Powell
42%
Knicks Steals Per Game Donte DiVincenzo
42%
Clippers 3PT% Norman Powell
42%
Bulls Dunks | Field Goal% Andre Drummond
41%
Jazz Assists Per Game Jordan Clarkson
39%
Trail Blazers Steals Per Game Matisse Thybulle
39%
Jazz Rebounds Per Game John Collins
38%
Lakers 3PT% Rui Hachimura
33%
76ers Blocks Per Game P. Reed/Mo Bamba
29%
76ers Dunks | Steals Per Game Kelly Oubre Jr.
28%
Kings Field Goal% Alex Len
27%
Bucks 3PT% Malik Beasley
26%
Trail Blazers 3PT% Jerami Grant
25%
Hornets Blocks Per Game | Dunks | Field Goal% | Rebounds Per Game Nick Richards
25%
76ers Field Goal% Paul Reed
25%
Celtics 3PT% Sam Hauser
25%
Magic Blocks Per Game J. Issac/G. Bitadze
24%
Nets Assists Per Game Spencer Dinwiddie
23%
Celtics Field Goal% Luke Kornet
21%
Raptors 3PT% Gary Trent Jr.
20%
Magic Field Goal% Goga Bitadze
20%
Lakers Field Goal% Jaxson Hayes
20%
Grizzlies Rebounds Per Game Santi Aldama
18%
76ers 3PT% Nicolas Batum
17%
Knicks 3PT% Miles McBride
15%
Hawks Field Goal% Onyeka Okongwu
15%
Nuggets Blocks Per Game Peyton Watson
15%
Kings 3PT% Keon Ellis
14%
Magic 3PT% Joe Ingles
12%
Jazz Steals Per Game Kris Dunn
12%
Cavaliers 3PT% Sam Merrill
12%
Knicks Blocks Per Game Precious Achiuwa
11%
Pistons 3PT% Alec Burks
10%
Pistons Field Goal% James Wiseman
6%
Suns Field Goal% Drew Eubanks
5%
Knicks Field Goal% Jericho Sims
5%
Pelicans 3PT% | Field Goal% Larry Nance Jr.
5%
Spurs 3PT% Doug McDermott
4%
Hawks 3PT% Garrison Mathews
4%
Jazz 3PT% Kelly Olynyk
4%
Nets 3PT% Trendon Watford
2%
Heats 3PT% Haywood Highsmith
1%
Warriors Dunks Jonathan Kunminga
1%
TWolves 3PT% Jordan McLaughlin
1%
Pacers Dunks Obi Toppins
1%
No matching quizzes found
Score Distribution
Percent of People with Each Score
Percentile by Number Answered
Your Score History
You have not taken this quiz